000 00653cam a2200145 4500500
005 20251228072921.0
041 _afre
042 _adc
100 1 0 _aThivet, Delphine
_eauthor
245 0 0 _aLouis MARIN, Politiques de la représentation, édition établie par Alain Cantillon, Giovanni Carrieri, Jean-Pierre Cavaillé, Pierre-Antoine Fabre et Françoise Marin, Paris, Kimé, coll. « Collège international de philosophie », 2005, 364 p.
260 _c2005.
500 _a61
786 0 _nCités | 24 | 4 | 2005-12-01 | p. 169f-185f | 1299-5495
856 4 1 _uhttps://shs.cairn.info/revue-cites-2005-4-page-169f?lang=fr&redirect-ssocas=7080
999 _c1594453
_d1594453